| 000 | 01531nam a22003494a 4500 | ||
|---|---|---|---|
| 001 | ebr10116500 | ||
| 003 | CaPaEBR | ||
| 006 | m u | ||
| 007 | cr cn||||||||| | ||
| 008 | 040121s2004 ne a sb 101 0 eng | ||
| 010 | _z 2004100845 | ||
| 020 | _z158603412X | ||
| 040 |
_aCaPaEBR _cCaPaEBR |
||
| 035 | _a(OCoLC)59281754 | ||
| 050 | 1 | 4 |
_aR858.A2 _bC6485 2004eb |
| 082 | 0 | 4 |
_a610/.285 _222 |
| 245 | 0 | 0 |
_aComputer-based support for clinical guidelines and protocols _h[electronic resource] : _bproceedings of the symposium on computerized guidelines and protocols (CGP 2004) / _cedited by Katharina Kaiser, Silvia Miksch, and Samson W. Tu. |
| 260 |
_aBurke, VA : _bIOS Press, _cc2004. |
||
| 300 |
_ax, 183 p. : _bill. |
||
| 490 | 1 |
_aStudies in health technology and informatics, _x0926-9630 ; _vv. 101 |
|
| 504 | _aIncludes bibliographical references and index. | ||
| 533 |
_aElectronic reproduction. _bPalo Alto, Calif. : _cebrary, _d2013. _nAvailable via World Wide Web. _nAccess may be limited to ebrary affiliated libraries. |
||
| 650 | 0 |
_aMedicine _xData processing _vCongresses. |
|
| 650 | 0 |
_aMedical care _xData processing _vCongresses. |
|
| 655 | 7 |
_aElectronic books. _2local |
|
| 700 | 1 | _aKaiser, Katharina. | |
| 700 | 1 | _aMiksch, Silvia. | |
| 700 | 1 | _aTu, Samson W. | |
| 710 | 2 | _aebrary, Inc. | |
| 830 | 0 |
_aStudies in health technology and informatics ; _vv. 101. |
|
| 856 | 4 | 0 |
_uhttp://site.ebrary.com/lib/rucke/Doc?id=10116500 _zAn electronic book accessible through the World Wide Web; click to view |
| 999 |
_c208768 _d208768 |
||